000 00646nam a22002412a 4500
999 _c8208
_d8208
001 8208
003 UkOxU
005 20180224130835.0
008 500101s1968 enka 000 0 eng d
020 _a004793011X
035 _a(BD-JhCC)8208
040 _aEUT
_cEUT
_dUKM
_dEQO
041 _aeng
082 _a793.74
_bDIN 1968
100 1 _aDinesman, Howard P.
245 1 0 _aSuperior mathematical puzzles, with detailed solutions /
_cby Howard P. Dinesman
260 _aLondon :
_bAllen and Unwin,
_c1968
300 _a122 p.
_billus.
_c23 cm
650 0 _aPuzzles
650 0 _aMathematical recreations
942 _2ddc
_cBK